Diccionario secreto

Wedi'i Gadw mewn:
Manylion Llyfryddiaeth
Prif Awdur: Cela, Camilo José (Awdur)
Fformat: Llyfr
Iaith:Sbaeneg
Cyhoeddwyd: Madrid Alianza 1978
Rhifyn:3a. ed
Cyfres:El Libro de Bolsillo
Pynciau:
Tagiau: Ychwanegu Tag
Dim Tagiau, Byddwch y cyntaf i dagio'r cofnod hwn!

MARC

LEADER 00000nam a2200000 a 4500
001 UCQ8044
003 CL-VaPUC
008 981127e19780000SP |||||||||||||||||spa|d
082 0 4 |a 860.3  |b CEL  |2 21 
100 0 |a Cela, Camilo José  |e author  |9 320105 
245 1 0 |a Diccionario secreto 
250 |a 3a. ed 
300 |a 2 v 
942 |c BK 
945 |d 19981127 00:00:00  |a crobeson 
260 |a Madrid  |b Alianza  |c 1978 
500 |a v.1: Series coleo y afines 
500 |a v.2: Primera parte, series pis y afines 
650 0 |a Literatura española  |9 306261 
650 0 |a Diccionarios  |9 256200 
583 |a last modification  |c 19981127 00:00:00  |k Rodrigo Vera 
490 0 |a El Libro de Bolsillo 
999 |c 277410  |d 277408 
952 |0 0  |1 0  |4 0  |6 860_300000000000000_CEL_1978  |7 0  |8 A  |9 315319  |a FDOPOS  |b FDOPOS  |d 2019-11-20  |h v.1  |i 1496441  |o 860.3 CEL 1978  |p 1496441  |r 2025-01-22  |w 2019-11-20  |y BK  |k MLH 
952 |0 0  |1 0  |4 0  |6 860_300000000000000_CEL_1978  |7 0  |8 A  |9 315320  |a FDOPOS  |b FDOPOS  |d 2019-11-20  |h v.2  |i 149645K  |o 860.3 CEL 1978  |p 149645K  |r 2025-01-22  |w 2019-11-20  |y BK  |k MLH